000 00800nas a2200253 4500
001 BR9701221
003 BR-BrBNA
005 20231205100014.0
007 ta
008 230509b bl.|||p| |||| 00| 00por d
040 _aBR-BrBNA
_bpor
_cBiblioteca Nacional de Agricultura
041 _a(Pt)
072 _aQ54
100 1 _aPimenta, C.J.
100 1 _aChagas, S.J. de R.
100 1 _aCosta, L.
245 1 _aPolifenoloxidase, lixiviacao de potassio e qualidade de bebida do cafe colhido em quatro estadios de maturacao
650 _aCafe Tratado
650 _aQualidade
650 _aAnalise Quimica
773 0 _tPesquisa Agropecuaria Brasileira (Brazil)
_xISSN 0100-204X
_g(Feb 1997), v. 32(2) p. 171-177
_wBR9701221
909 _a202311
_bLúcia
_c55
_dLúcia Elande
942 _2AGRIS
_n0
_cANA
999 _c153882
_d153882